| 000 | 00912nam a2200229 i 4500 | ||
|---|---|---|---|
| 001 | 153873 | ||
| 003 | ES-MaACL | ||
| 005 | 20251114151307.0 | ||
| 008 | 190121s1956 sp |||| | spa d | ||
| 100 | 1 |
_aTrenkmann, H. _9166026 |
|
| 245 | 1 | 0 |
_aTeoría, cálculo y construcción de las máquinas de corriente continua / _cH. Trenkmann ; traducción del alemán por José Pla Sibils. |
| 250 | _a3ª ed. [reimp.] revisada y ampliada por Juan Corrales Martín. | ||
| 260 |
_aBarcelona : _bLabor, _c1956. |
||
| 300 |
_aXVI, 439 p. : _bil. ; _c23 cm. |
||
| 490 | 1 |
_aLa Escuela del Técnico Electricista ; _v4 |
|
| 650 | 4 |
_aMáquinas de corriente continua. _9157493 |
|
| 700 | 1 |
_aPlá Sibils, José . _9166027 |
|
| 700 | 1 |
_aCorrales Martín, Juan, _d1907-2000 _940736 |
|
| 830 | 0 |
_aLa Escuela del Técnico Electricista ; _v4 _9187813 |
|
| 852 |
_aES-MaACL _jP-317-3 |
||
| 999 |
_c153873 _d153873 |
||